[Event "5th Classic Open 2013"]
[Site "London ENG"]
[Date "2013.12.15"]
[Round "9.3"]
[White "Gharamian, Tigran"]
[Black "Sarkar, Justin"]
[Result "1-0"]
[WhiteTitle "GM"]
[BlackTitle "IM"]
[WhiteElo "2656"]
[BlackElo "2425"]
[WhiteFideId "13301527"]
[BlackFideId "2010011"]
[EventDate "2013.12.07"]

1. Nf3 Nf6 2. c4 g6 3. g3 Bg7 4. Bg2 c6 5. d4 d5 6. Qb3 Qb6 7. Nc3 O-O 8. O-O
Rd8 9. h3 h6 10. cxd5 Qxb3 11. axb3 Nxd5 12. Bd2 Be6 13. e3 Na6 14. Rfc1 Ndb4
15. Ne4 Bd5 16. Ne1 e5 17. Ra4 Bxb3 18. Rxb4 Nxb4 19. Bxb4 exd4 20. Nc5 Bd5 21.
e4 Ba2 22. Ra1 Bc4 23. Rc1 Be2 24. Ncd3 a5 25. Ba3 Ra6 26. f4 Rb6 27. Kf2 Bxd3
28. Nxd3 Bf8 29. Bxf8 Kxf8 30. Ke2 Rc8 31. e5 Rb5 32. Kd2 a4 33. Bf3 c5 34. Bd5
Rd8 35. Bc4 Ra5 36. Ba2 a3 37. b4 cxb4 38. Nxb4 Rd7 39. Rc8+ Kg7 40. Nd3 b6 41.
Rb8 Rb5 42. g4 Re7 43. Rd8 g5 44. f5 Rexe5 45. Rd7 Re3 46. Bxf7 Kf8 47. f6 a2
48. Bg6 Rxd3+ 49. Kxd3 Rb3+ 50. Kc4 Rc3+ 51. Kd5 Rc5+ 52. Kd6 Rc8 53. Rh7 Rd8+
54. Kc7 1-0

[Event "5th Classic Open 2013"]
[Site "London ENG"]
[Date "2013.12.15"]
[Round "9.4"]
[White "Hawkins, Jonathan"]
[Black "Bartel, Mateusz"]
[Result "0-1"]
[WhiteTitle "IM"]
[BlackTitle "GM"]
[WhiteElo "2512"]
[BlackElo "2649"]
[WhiteFideId "412686"]
[BlackFideId "1112635"]
[EventDate "2013.12.07"]

1. d4 f5 2. Bg5 g6 3. Nc3 Bg7 4. h4 h6 5. Bf4 Nf6 6. Qd3 d6 7. e4 fxe4 8. Nxe4
Nxe4 9. Qxe4 Bf5 10. Qxb7 Nd7 11. O-O-O O-O 12. Bc4+ Kh8 13. Ne2 c5 14. Qf3 Nb6
15. Bd3 cxd4 16. Bxf5 Rxf5 17. g4 Rf8 18. Qe4 e5 19. Bg3 Qe8 20. f4 d5 21. Qd3
e4 22. Qa6 d3 23. cxd3 exd3 24. Qxd3 Rc8+ 25. Kb1 Nc4 26. Nd4 Nxb2 27. Kxb2 Rc4
28. Bf2 Qb5+ 0-1

[Event "5th Classic Open 2013"]
[Site "London ENG"]
[Date "2013.12.15"]
[Round "9.5"]
[White "McDonald, Neil"]
[Black "Delchev, Aleksander"]
[Result "1-0"]
[WhiteTitle "GM"]
[BlackTitle "GM"]
[WhiteElo "2418"]
[BlackElo "2648"]
[WhiteFideId "400629"]
[BlackFideId "2900394"]
[EventDate "2013.12.07"]

1. e4 g6 2. d4 Bg7 3. Nf3 d6 4. Nc3 a6 5. h3 b5 6. a4 b4 7. Nd5 a5 8. c3 e6 9.
Ne3 bxc3 10. bxc3 Ne7 11. Bb5+ Nd7 12. O-O O-O 13. e5 dxe5 14. Bxd7 Bxd7 15.
Nxe5 f6 16. Nd3 Re8 17. Nc5 Nd5 18. Nxd5 exd5 19. Qf3 Bf5 20. Bf4 Be4 21. Qg3
Ra7 22. f3 Bf5 23. Rfe1 g5 24. Rxe8+ Qxe8 25. Re1 Qf7 26. Bc1 Bf8 27. h4 Bd6 28.
Qf2 h6 29. g4 Bd7 30. Nxd7 Qxd7 31. Qc2 Qf7 32. Qf5 Ra8 33. Re6 Kg7 34. hxg5
fxg5 35. Qxf7+ Kxf7 36. Rxh6 Rb8 37. Bxg5 Rb3 38. Be3 Rxc3 39. Kf2 Rc2+ 40. Kf1
Ra2 41. f4 Rxa4 42. f5 Ra1+ 43. Ke2 a4 44. g5 a3 45. g6+ Kg8 46. f6 Bf8 47. Rh7 1-0

[Event "5th Classic Open 2013"]
[Site "London ENG"]
[Date "2013.12.15"]
[Round "9.6"]
[White "Iordachescu, Viorel"]
[Black "Karavade, Eesha"]
[Result "1-0"]
[WhiteTitle "GM"]
[BlackTitle "IM"]
[WhiteElo "2614"]
[BlackElo "2380"]
[WhiteFideId "13900200"]
[BlackFideId "5012600"]
[EventDate "2013.12.07"]

1. c4 e6 2. Nc3 d5 3. d4 Bb4 4. cxd5 exd5 5. Bf4 c6 6. e3 Nf6 7. Bd3 O-O 8. Qc2
h6 9. Nf3 Re8 10. h3 Qa5 11. O-O Nbd7 12. a3 Bxc3 13. bxc3 c5 14. Nd2 c4 15. Be2
Nb6 16. Bf3 Bd7 17. Rfb1 Bc6 18. Rb4 Nbd7 19. a4 Re6 20. Qc1 Qd8 21. a5 a6 22.
Rbb1 Nf8 23. Bd1 Ng6 24. Bg3 Ne7 25. Bc2 Bb5 26. f3 Bc6 27. Qe1 Nc8 28. Qf2 Nd6
29. Re1 Nb5 30. e4 dxe4 31. fxe4 Nxc3 32. d5 Ncxd5 33. exd5 Bxd5 34. Rxe6 Bxe6
35. Be5 Nd7 36. Bc3 Rc8 37. Ne4 Qe7 38. Qg3 1-0

[Event "5th Classic Open 2013"]
[Site "London ENG"]
[Date "2013.12.15"]
[Round "9.8"]
[White "Cherniaev, Alexander"]
[Black "Hebden, Mark L"]
[Result "0-1"]
[WhiteTitle "GM"]
[BlackTitle "GM"]
[WhiteElo "2434"]
[BlackElo "2560"]
[WhiteFideId "4117301"]
[BlackFideId "400084"]
[EventDate "2013.12.07"]

1. d4 Nf6 2. Nf3 g6 3. g3 Bg7 4. Bg2 O-O 5. O-O d6 6. c4 Nc6 7. d5 Na5 8. Nfd2
c6 9. Na3 c5 10. Nb3 Nxb3 11. axb3 Rb8 12. Bd2 a6 13. b4 Nd7 14. Qb3 cxb4 15.
Bxb4 Qb6 16. Nb1 Ne5 17. Nd2 Bf5 18. Qa3 Rfc8 19. Rac1 Bh6 20. b3 a5 21. Qxa5
Qxa5 22. Bxa5 b5 23. h3 bxc4 24. bxc4 Rc5 25. Bc3 Nxc4 26. f4 Ne3 27. Rf3 Nxd5
28. e4 Nxc3 29. Rfxc3 Rxc3 30. Rxc3 Be6 31. Rc7 Kf8 32. Nf3 Rb4 33. Ng5 Bxg5 34.
fxg5 Rb2 35. Ra7 Ba2 36. Ra8+ Kg7 37. Ra7 e5 38. Rd7 Rd2 39. Rd8 Be6 40. Rb8 h6
41. h4 hxg5 42. hxg5 Bg4 43. Ra8 Be2 44. Rd8 Bb5 45. Rc8 Bd3 46. Rb8 Bc4 47. Rc8
Ba2 48. Rb8 f5 49. gxf6+ Kxf6 50. Ra8 Kg5 51. Rf8 Kg4 52. Rf2 Rxf2 53. Kxf2 Bb1
54. Bf3+ Kh3 0-1

[Event "5th Classic Open 2013"]
[Site "London ENG"]
[Date "2013.12.15"]
[Round "9.9"]
[White "Rahman, Ziaur"]
[Black "Slavin, Alexey"]
[Result "1/2-1/2"]
[WhiteTitle "GM"]
[BlackTitle "IM"]
[WhiteElo "2496"]
[BlackElo "2363"]
[WhiteFideId "10200037"]
[BlackFideId "24104388"]
[EventDate "2013.12.07"]

1. Nf3 c5 2. b3 Nf6 3. Bb2 d5 4. e3 Nc6 5. Bb5 Qc7 6. Ne5 Bd7 7. Nxd7 Qxd7 8. f4
g6 9. O-O Bg7 10. d3 O-O 11. Qe1 a6 12. Bxc6 Qxc6 13. Nd2 Nd7 14. Bxg7 Kxg7 15.
e4 Rae8 16. e5 Qe6 17. Nf3 f6 18. Qh4 h6 19. Rae1 d4 20. a4 f5 21. a5 Nb8 22.
Nd2 Nc6 23. Nc4 Nb4 24. Re2 Nd5 25. h3 Rf7 26. Kh2 Kh7 27. Ref2 Rg8 28. Rf3 g5
29. fxg5 Rxg5 30. Qe1 Rfg7 31. g3 Qg6 32. e6 Rh5 33. Kg2 f4 34. Qe4 Qxe4 35.
dxe4 Ne3+ 36. Nxe3 fxe3 37. Rf5 Rhg5 38. Rxg5 Rxg5 39. Rf7+ Rg7 40. Rf5 Rg5 41.
h4 Rxf5 42. exf5 Kg7 43. g4 Kf6 44. h5 Ke5 1/2-1/2

[Event "5th Classic Open 2013"]
[Site "London ENG"]
[Date "2013.12.15"]
[Round "9.11"]
[White "Vakhidov, Jahongir"]
[Black "Khatanbaatar, Bazar"]
[Result "1-0"]
[WhiteTitle "IM"]
[BlackTitle "GM"]
[WhiteElo "2452"]
[BlackElo "2329"]
[WhiteFideId "14201801"]
[BlackFideId "4900332"]
[EventDate "2013.12.07"]

1. d4 d5 2. c4 c6 3. Nf3 Nf6 4. cxd5 cxd5 5. Nc3 Nc6 6. Bf4 Bf5 7. e3 e6 8. Qb3
Bb4 9. Bb5 O-O 10. O-O Bxc3 11. Qxc3 Rc8 12. Rac1 Ne4 13. Qa3 g5 14. Bg3 h5 15.
Bxc6 bxc6 16. h4 Nxg3 17. fxg3 gxh4 18. gxh4 Rc7 19. Ng5 Qd7 20. e4 dxe4 21. Qg3
Kh8 22. d5 Rcc8 23. Qe5+ f6 24. dxe6 fxe5 25. exd7 Bxd7 26. Rfe1 Rb8 27. b3 Rb4
28. Rc5 Rb5 29. Rxb5 cxb5 30. Rxe4 Re8 31. Rxe5 Rxe5 32. Nf7+ Kg7 33. Nxe5 Be8
34. Kf2 Kf6 35. Nf3 Kf5 36. Ke3 Kg4 37. Ne5+ Kg3 38. b4 Kxg2 39. Kf4 Kf2 40. a3
Ke2 41. Kg5 Ke3 42. Ng6 Ke4 43. Nf4 Kd4 44. Nxh5 Kc4 45. Ng7 Bf7 46. Nf5 Kd5 47.
Ne7+ Kc4 48. h5 Bxh5 49. Kxh5 Kb3 50. Nc6 Kxa3 51. Kg5 1-0

[Event "5th Classic Open 2013"]
[Site "London ENG"]
[Date "2013.12.15"]
[Round "9.12"]
[White "Buchicchio, Giampaolo"]
[Black "Cox, John J"]
[Result "1/2-1/2"]
[WhiteTitle "FM"]
[BlackTitle "IM"]
[WhiteElo "2312"]
[BlackElo "2382"]
[WhiteFideId "811491"]
[BlackFideId "401064"]
[EventDate "2013.12.07"]

1. e4 e5 2. Nf3 Nc6 3. d4 exd4 4. Nxd4 Nf6 5. Nxc6 bxc6 6. e5 Qe7 7. Qe2 Nd5 8.
c4 Nb6 9. Nd2 a5 10. b3 a4 11. Bb2 axb3 12. axb3 Rxa1+ 13. Bxa1 Qa3 14. Qd1 Bb4
15. Bd3 Qa5 16. Ke2 d6 17. Nf3 Bg4 18. Qc2 dxe5 19. Rd1 Nd7 20. Bf5 Bxf3+ 21.
gxf3 Nf6 22. f4 exf4 23. Bxf6 gxf6 24. Kf3 Qe5 25. Qe4 Qxe4+ 26. Bxe4 Ke7 27.
Bxc6 Rd8 28. Rxd8 Kxd8 29. Kg4 f3 30. Bxf3 c5 31. Kf5 Ke7 32. Be4 h6 33. f3 Bc3
34. Bd5 Bd2 35. h3 Bc3 36. Be4 Bd2 37. Bd3 Bc3 38. Be2 Bd2 39. f4 Bc3 40. Bh5
Bd2 41. Ke4 Bb4 42. Kd5 Ba3 1/2-1/2

[Event "5th Classic Open 2013"]
[Site "London ENG"]
[Date "2013.12.15"]
[Round "9.13"]
[White "Bao, Qilin"]
[Black "Ansell, Simon T"]
[Result "1/2-1/2"]
[BlackTitle "IM"]
[WhiteElo "2166"]
[BlackElo "2374"]
[WhiteFideId "8605750"]
[BlackFideId "402141"]
[EventDate "2013.12.07"]

1. e4 c5 2. Nf3 Nc6 3. b3 d6 4. Bb5 e5 5. O-O Nf6 6. Re1 Be7 7. c3 Bg4 8. h3 Bh5
9. d4 Bxf3 10. Qxf3 cxd4 11. cxd4 exd4 12. Bb2 O-O 13. Bxc6 bxc6 14. Bxd4 Qa5
15. Bc3 1/2-1/2

[Event "5th Classic Open 2013"]
[Site "London ENG"]
[Date "2013.12.15"]
[Round "9.14"]
[White "Bok, Benjamin"]
[Black "Ortega Ruiz, Jose Miguel"]
[Result "1-0"]
[WhiteTitle "IM"]
[BlackTitle "FM"]
[WhiteElo "2540"]
[BlackElo "2366"]
[WhiteFideId "1017063"]
[BlackFideId "2209713"]
[EventDate "2013.12.07"]

1. e4 d5 2. exd5 Qxd5 3. Nc3 Qa5 4. d4 Nf6 5. Nf3 Bg4 6. h3 Bh5 7. g4 Bg6 8. Ne5
e6 9. Bg2 c6 10. O-O Nbd7 11. h4 Nxe5 12. dxe5 Qxe5 13. Re1 Qc7 14. h5 Rd8 15.
Qe2 Bxc2 16. Qxc2 Nxg4 17. Bg5 Be7 18. Bxe7 Qxe7 19. Qa4 Qh4 20. Qf4 g5 21. hxg6
hxg6 22. Re4 Qh2+ 23. Qxh2 Nxh2 24. Rb4 1-0

[Event "5th Classic Open 2013"]
[Site "London ENG"]
[Date "2013.12.15"]
[Round "9.17"]
[White "Ben Artzi, Ido"]
[Black "Zhou, Yang-Fan"]
[Result "0-1"]
[BlackTitle "IM"]
[WhiteElo "2341"]
[BlackElo "2483"]
[WhiteFideId "2810913"]
[BlackFideId "468584"]
[EventDate "2013.12.07"]

1. d4 Nf6 2. c4 g6 3. Nc3 Bg7 4. e4 d6 5. f3 O-O 6. Be3 c6 7. Qd2 a6 8. a4 a5 9.
Bd3 Na6 10. Rd1 e5 11. Nge2 Nd7 12. O-O Qe7 13. Bb1 Re8 14. Kh1 Nb4 15. Bg5 Qf8
16. f4 exd4 17. Nxd4 f6 18. Bh4 Qf7 19. b3 Nc5 20. f5 g5 21. Bg3 Bf8 22. Qb2 b6
23. Nf3 Nb7 24. e5 dxe5 25. Ne4 Nc5 26. Nfxg5 fxg5 27. Nxg5 Qf6 28. Bh4 Ra7 29.
Rf4 Qh6 30. Rg4 Bg7 31. Qf2 Rf8 32. Bg3 Nbd3 33. Rxd3 Bxf5 34. Rf3 Bxg4 35.
Bxh7+ Qxh7 36. Nxh7 Rd8 37. Rf8+ Rxf8 38. Nxf8 Rf7 39. Qe1 Nd3 40. Qb1 Be2 41.
Ne6 Rf1+ 42. Qxf1 Bxf1 43. Kg1 Be2 44. Nxg7 Kxg7 45. Bh4 Nc5 46. Kf2 Bd1 47. Bd8
Nd7 48. c5 bxc5 49. Bxa5 Bxb3 50. Bc3 Bxa4 51. g4 Kf6 0-1

[Event "5th Classic Open 2013"]
[Site "London ENG"]
[Date "2013.12.15"]
[Round "9.18"]
[White "Elsness, Frode"]
[Black "Chapman, Terry P D"]
[Result "1-0"]
[WhiteTitle "IM"]
[BlackTitle "FM"]
[WhiteElo "2482"]
[BlackElo "2309"]
[WhiteFideId "1501100"]
[BlackFideId "413399"]
[EventDate "2013.12.07"]

1. d4 d5 2. c4 e6 3. Nc3 Nf6 4. cxd5 exd5 5. Bg5 c6 6. e3 Bf5 7. Qf3 Bg6 8. Bxf6
Qxf6 9. Qxf6 gxf6 10. Nf3 Nd7 11. Nh4 Be7 12. O-O-O f5 13. Nf3 Bh5 14. Be2 Bxf3
15. Bxf3 Nf6 16. Rhf1 Kd7 17. Be2 Rhg8 18. g3 Ne8 19. Bd3 Nd6 20. Rd2 Rae8 21.
Rc2 Rc8 22. Na4 b6 23. Kd1 Bf6 24. Ke2 h5 25. Kf3 h4 26. Rfc1 hxg3 27. hxg3 Rg4
28. Bxf5+ 1-0

[Event "5th Classic Open 2013"]
[Site "London ENG"]
[Date "2013.12.15"]
[Round "9.20"]
[White "Longson, Alexander"]
[Black "Williams, Simon K"]
[Result "1/2-1/2"]
[WhiteTitle "FM"]
[BlackTitle "GM"]
[WhiteElo "2333"]
[BlackElo "2461"]
[WhiteFideId "408093"]
[BlackFideId "404454"]
[EventDate "2013.12.07"]

1. e4 c5 2. Nf3 Nc6 3. Bb5 d6 4. O-O Bd7 5. Re1 Nf6 6. c3 a6 7. Bf1 e5 8. Na3
Bg4 9. Nc2 g6 10. Ne3 Bxf3 11. Qxf3 Bg7 12. a4 O-O 13. Bc4 Rb8 14. d3 b5 15. Ba2
Qd7 16. Bd2 Kh8 17. h3 Ne7 18. axb5 axb5 19. Ng4 Nfg8 20. Ne3 f5 21. exf5 gxf5
22. Nd5 Ng6 23. Qh5 Qc6 24. Bg5 Ra8 25. Ne3 Qd7 26. Bd5 Rxa1 27. Rxa1 N8e7 28.
Bxe7 Nxe7 29. Ra8 Rxa8 30. Bxa8 Kg8 31. Bd5+ Nxd5 32. Nxd5 Qe6 33. Nc7 Qd7 34.
Nd5 Qe6 35. Nc7 Qd7 36. Qe8+ Qxe8 37. Nxe8 Bf8 38. Nc7 c4 39. dxc4 bxc4 40. Nd5
Kf7 41. Ne3 Ke6 42. Nxc4 d5 43. Nd2 d4 44. cxd4 e4 45. g4 fxg4 46. hxg4 Kd5 47.
Nb3 Bb4 48. Kf1 Kc4 49. Na1 Kd3 50. d5 Bd6 51. Nb3 Kc4 52. Nd2+ Kxd5 53. Ke2 Bc5
54. f3 exf3+ 55. Kxf3 Ke5 56. Kg3 Be7 57. Nf1 Kf6 58. Kf3 Bd6 59. Ng3 Kg6 60. b3
Bb4 61. Nh5 Kg5 62. Nf4 Bd6 63. Ne6+ Kf6 64. Nd4 h5 65. gxh5 Kg5 66. h6 Kg6 67.
Ke4 Bb4 68. Nf5 Ba3 69. Ke5 Bb4 70. Kd4 Bf8 71. Ke5 Bb4 72. Ke4 Ba3 73. Kd5 Bb4
74. Kc4 Bf8 75. Nd4 Kxh6 76. Ne6 Ba3 77. Nd4 Kg6 78. Nb5 Be7 79. Kd5 Bb4 80. Kc4
Be7 1/2-1/2

[Event "5th Classic Open 2013"]
[Site "London ENG"]
[Date "2013.12.15"]
[Round "9.21"]
[White "Sowray, Peter J"]
[Black "Tania, Sachdev"]
[Result "1-0"]
[WhiteTitle "FM"]
[BlackTitle "IM"]
[WhiteElo "2326"]
[BlackElo "2441"]
[WhiteFideId "400971"]
[BlackFideId "5007844"]
[EventDate "2013.12.07"]

1. d4 Nf6 2. c4 e6 3. Bg5 Bb4+ 4. Nd2 h6 5. Bh4 d5 6. a3 Be7 7. Ngf3 Nbd7 8. e3
O-O 9. Qc2 b6 10. cxd5 exd5 11. Qc6 Rb8 12. Bg3 Bb7 13. Qxc7 Qxc7 14. Bxc7 Rbc8
15. Bg3 Rc2 16. Rb1 Rfc8 17. Nb3 Ne4 18. Bd3 Nxg3 19. hxg3 R2c7 20. Ke2 a6 21.
Rbc1 b5 22. Rxc7 Rxc7 23. Rc1 Rxc1 24. Nxc1 Nb6 25. Kd2 Kf8 26. Nb3 Na4 27. Kc2
Bd6 28. Nfd2 Nb6 29. Nc5 Bc8 30. b3 g6 31. Kc3 Nd7 32. Nxd7+ Bxd7 33. b4 Ke7 34.
Nb3 Bc8 35. Nc5 Kd8 36. Bc2 Kc7 37. Bb3 Kc6 38. e4 dxe4 39. Bxf7 Bf5 40. g4 Bxc5
41. bxc5 Bxg4 42. Bxg6 1-0

[Event "5th Classic Open 2013"]
[Site "London ENG"]
[Date "2013.12.15"]
[Round "9.22"]
[White "Roberts, Paul"]
[Black "Arkell, Keith C"]
[Result "0-1"]
[WhiteTitle "CM"]
[BlackTitle "GM"]
[WhiteElo "2215"]
[BlackElo "2438"]
[WhiteFideId "2400600"]
[BlackFideId "400270"]
[EventDate "2013.12.07"]

1. d4 Nf6 2. c4 e6 3. Nc3 Bb4 4. e3 c5 5. Bd3 d5 6. Nf3 cxd4 7. exd4 dxc4 8.
Bxc4 O-O 9. O-O Nbd7 10. Qb3 Be7 11. Rd1 Nb6 12. Bd3 Bd7 13. Ne5 Bc6 14. Nxc6
bxc6 15. Qc2 Nbd5 16. a3 Qd6 17. Ne4 Nxe4 18. Bxe4 g6 19. Bh6 Rfc8 20. Rac1 a5
21. Bxd5 Qxd5 22. Bf4 Bd6 23. Bxd6 Qxd6 24. Qc5 Qd5 25. Rc2 Rab8 26. Qxd5 cxd5
27. Rdc1 Rxc2 28. Rxc2 Rb3 29. Rd2 g5 30. Kf1 Kg7 31. Ke2 Kg6 32. Kd1 Kf5 33.
Kc2 a4 34. Rd3 Rb7 35. f3 h5 36. b3 axb3+ 37. Rxb3 Ra7 38. Rd3 g4 39. Kb3 Rb7+
40. Ka2 Ra7 41. Kb3 h4 42. fxg4+ Ke4 43. Rd1 Rb7+ 44. Kc3 Rc7+ 45. Kb3 Rc4 46.
Rf1 Rxd4 47. Rxf7 Rd3+ 48. Kb4 Rd2 49. Rh7 Rxg2 50. Rxh4 d4 51. g5+ Kd5 52. a4
Rxg5 53. a5 Rg2 54. Kb3 Rg1 55. Rh8 Rb1+ 56. Kc2 Ra1 57. Ra8 Ke4 58. Kb2 Rf1 59.
a6 e5 60. Rd8 Rf7 61. Kc2 Ke3 62. Rd5 e4 63. Ra5 d3+ 64. Kb2 d2 0-1

[Event "5th Classic Open 2013"]
[Site "London ENG"]
[Date "2013.12.15"]
[Round "9.24"]
[White "Balint, Vilmos"]
[Black "Houska, Jovanka"]
[Result "0-1"]
[BlackTitle "IM"]
[WhiteElo "2214"]
[BlackElo "2415"]
[WhiteFideId "718050"]
[BlackFideId "405094"]
[EventDate "2013.12.07"]

1. e4 c6 2. d4 d5 3. e5 Bf5 4. Nf3 e6 5. Be2 Nd7 6. O-O h6 7. a4 Ne7 8. a5 Bh7
9. Nbd2 Nf5 10. Nb3 Be7 11. c4 O-O 12. Re1 dxc4 13. Bxc4 Rc8 14. Bd2 Bg6 15. h3
Kh8 16. Rc1 b5 17. Bf1 a6 18. g4 Nh4 19. Nxh4 Bxh4 20. Bb4 f5 21. Bxf8 Qxf8 22.
Qf3 fxg4 23. Qxf8+ Rxf8 24. Re2 gxh3 25. Rc3 Bh5 26. Rd2 h2+ 27. Kxh2 Bxf2 28.
Rxc6 Be1 29. Kg1 Bf3 30. Rd6 Bd5 31. Re2 Bb4 32. Rxd7 Bxb3 33. Rf2 Rg8 34. Bd3
Bxa5 35. Rh2 Rd8 36. Rf2 Rg8 37. Rd6 Be1 38. Rf1 Bd2 39. Rxa6 Be3+ 40. Kg2 Bxd4
41. Re1 b4 42. Kh3 Bd5 43. Re2 Rf8 44. Kg3 Rf3+ 0-1

[Event "5th Classic Open 2013"]
[Site "London ENG"]
[Date "2013.12.15"]
[Round "9.25"]
[White "Guthrie, David"]
[Black "Fernandez, Daniel Howard"]
[Result "1/2-1/2"]
[BlackTitle "IM"]
[WhiteElo "2195"]
[BlackElo "2381"]
[WhiteFideId "4300505"]
[BlackFideId "5801605"]
[EventDate "2013.12.07"]

1. d4 b5 2. e4 Bb7 3. Bd3 e6 4. Nf3 c5 5. c3 a6 6. O-O Nf6 7. Nbd2 d5 8. e5 Nfd7
9. Re1 Nc6 10. Nf1 Qb6 11. Be3 h6 12. dxc5 Bxc5 13. Bxc5 Nxc5 14. b4 Nxd3 15.
Qxd3 O-O 16. N1d2 a5 17. a3 Ra7 18. Nb3 Rfa8 19. Rab1 axb4 20. axb4 Ra2 21. Nfd4
Nxd4 22. Nxd4 Bc6 23. h4 Bd7 24. Qg3 Qc7 25. Re3 Ra1 26. Rxa1 Rxa1+ 27. Kh2 Qc4
28. Qg4 Qf1 29. Kg3 Qh1 30. h5 Rg1 31. Qh3 Qxh3+ 32. Kxh3 Rh1+ 33. Kg4 Rh2 34.
Rg3 f5+ 35. Kf3 Rxh5 36. Rh3 Rxh3+ 37. gxh3 g5 38. Kg3 Kf7 39. f4 Kg6 40. Nf3
Kh5 41. h4 gxf4+ 42. Kh3 Kg6 43. Nd4 Kf7 44. Kg2 Kg7 45. Ne2 Kf7 46. Nxf4 Ke7
47. Kf2 d4 48. cxd4 Bc6 49. Ke3 Kf7 50. d5 Bxd5 51. Kd4 Bc4 52. Kc5 Ke7 53. Kc6
Bf1 54. h5 Bc4 55. Ng6+ Kf7 56. Kd6 Be2 57. Nf4 Bc4 58. Kd7 Bb3 59. Ne2 Bc4 60.
Nf4 Bb3 61. Kd8 Bc4 62. Kd7 Bb3 63. Kd8 1/2-1/2

[Event "5th Classic Open 2013"]
[Site "London ENG"]
[Date "2013.12.15"]
[Round "9.26"]
[White "Semcesen, Daniel"]
[Black "Ilfeld, Etan"]
[Result "1-0"]
[WhiteTitle "IM"]
[WhiteElo "2488"]
[BlackElo "2178"]
[WhiteFideId "1706993"]
[BlackFideId "2803470"]
[EventDate "2013.12.07"]

1. c4 e6 2. d4 d5 3. Nc3 c6 4. e4 Bb4 5. a3 Bxc3+ 6. bxc3 dxe4 7. Qg4 Nf6 8.
Qxg7 Rg8 9. Qh6 Qa5 10. Bd2 Nbd7 11. Ne2 b6 12. Ng3 Ba6 13. a4 O-O-O 14. Be2 Bb7
15. O-O Rg6 16. Qf4 e5 17. Qe3 Rdg8 18. Rfb1 h5 19. Bf1 Ng4 20. Qe1 Kb8 21. c5
e3 22. Bxe3 exd4 23. Bf4+ Ka8 24. cxd4 Qxe1 25. Rxe1 bxc5 26. Re7 Nb6 27. dxc5
Nd5 28. Rxf7 h4 29. Ne4 Nxf4 30. Rxf4 Ne5 31. Nd6 Bc8 32. g3 Bg4 33. Bg2 h3 34.
Be4 Re6 35. f3 Bh5 36. Rb1 Re7 37. Rf5 1-0

[Event "5th Classic Open 2013"]
[Site "London ENG"]
[Date "2013.12.15"]
[Round "9.27"]
[White "Zumsande, Martin"]
[Black "Taylor, Peter P"]
[Result "1-0"]
[WhiteTitle "IM"]
[WhiteElo "2430"]
[BlackElo "2222"]
[WhiteFideId "4651324"]
[BlackFideId "402478"]
[EventDate "2013.12.07"]

1. e4 c6 2. d4 d5 3. exd5 cxd5 4. c4 Nf6 5. Nc3 Nc6 6. Bg5 dxc4 7. Bxc4 h6 8.
Bh4 Qxd4 9. Qxd4 Nxd4 10. O-O-O e5 11. f4 Bg4 12. Nf3 Bxf3 13. gxf3 Rc8 14. Bf1
Nd5 15. fxe5 Nxc3 16. bxc3 Ba3+ 17. Kb1 Nxf3 18. Bh3 Ra8 19. Bd7+ Kf8 20. Bg3
Ke7 21. Bg4 Ng5 22. Rd7+ Ke8 23. e6 Nxe6 24. Bxe6 fxe6 25. Rxb7 Be7 26. Re1 Bf6
27. Rxe6+ Kd8 28. Rd6+ Ke8 29. c4 h5 30. c5 h4 31. Re6+ Kd8 32. Bf4 Re8 33. Rd6+
Kc8 34. Rdd7 Be5 35. Bxe5 Rxe5 36. Rbc7+ Kb8 37. Rxg7 a5 38. Rb7+ Kc8 39. c6 Re8
40. Rgc7+ Kd8 41. Rh7 Kc8 42. Rbc7+ Kb8 43. Kc2 Ra6 44. Kd3 Rb6 45. Kc4 Re5 46.
a3 Rg5 47. Rb7+ Rxb7 48. Rxb7+ Kc8 49. Rh7 Rg2 50. Rxh4 Kc7 51. Rh6 Rg5 52. h4
Rf5 53. Kd4 Rb5 54. h5 Rg5 55. Ke4 Rc5 56. a4 Rg5 57. Kf4 Rc5 58. Kg4 Rc4+ 59.
Kg5 Rc5+ 60. Kg6 Rxc6+ 61. Kg7 Rc5 62. Rh8 Rc4 63. Rf8 Rg4+ 64. Kh8 Rxa4 65. h6
Rh4 66. h7 Kb6 67. Kg7 Kb5 68. Rf5+ Kb4 69. Rf4+ Rxf4 70. h8=Q Rc4 71. Qb8+ Ka4
72. Kf6 Rb4 73. Qg3 Kb5 74. Qd3+ Kc5 75. Ke5 Kb6 76. Kd6 Rb5 77. Qd4+ Kb7 78.
Qg7+ Kb6 79. Qc7+ Ka6 80. Qc4 a4 81. Kc6 1-0

[Event "5th Classic Open 2013"]
[Site "London ENG"]
[Date "2013.12.15"]
[Round "9.28"]
[White "Britton, Richard L"]
[Black "Ahlander, Bjorn"]
[Result "0-1"]
[WhiteTitle "FM"]
[BlackTitle "IM"]
[WhiteElo "2231"]
[BlackElo "2429"]
[WhiteFideId "401692"]
[BlackFideId "1700251"]
[EventDate "2013.12.07"]

1. e4 c5 2. Nf3 e6 3. d4 cxd4 4. Nxd4 Nf6 5. Nc3 d6 6. Be2 Be7 7. O-O O-O 8. Be3
Nc6 9. f4 Qc7 10. Kh1 a6 11. Bf3 Rd8 12. Qe2 Nxd4 13. Bxd4 e5 14. Be3 b5 15. Qf2
Qc4 16. fxe5 dxe5 17. Nd5 Rxd5 18. b3 Qc7 19. exd5 Bb7 20. Bb6 Qd6 21. c4 e4 22.
Be2 Rf8 23. Bd4 Re8 24. Rad1 Qd7 25. Ba1 Bd8 26. Qe3 Qd6 27. c5 Nxd5 28. Qd4 Qh6
29. Qf2 Rf8 30. Be5 Qe6 31. Bd6 Be7 32. Bg4 Qxg4 33. Bxe7 e3 34. Qg3 Qxg3 35.
hxg3 e2 36. Bxf8 Ne3 0-1

[Event "5th Classic Open 2013"]
[Site "London ENG"]
[Date "2013.12.15"]
[Round "9.29"]
[White "Semprun Martinez, Fernando"]
[Black "Summerscale, Aaron P"]
[Result "1/2-1/2"]
[BlackTitle "GM"]
[WhiteElo "2213"]
[BlackElo "2423"]
[WhiteFideId "2203170"]
[BlackFideId "400980"]
[EventDate "2013.12.07"]

1. e4 e6 2. d4 d5 3. Nc3 Nf6 4. e5 Nfd7 5. f4 c5 6. Nf3 Nc6 7. Be3 a6 8. Qd2 b5
9. a3 Qa5 10. Ra2 Qb6 11. Ne2 b4 12. axb4 Nxb4 13. Ra1 Nc6 14. Rb1 a5 15. dxc5
Bxc5 16. Bxc5 Nxc5 17. Ned4 O-O 18. Be2 Ba6 19. Bxa6 Qxa6 20. Nxc6 Qxc6 21. O-O
Ne4 22. Qd3 Rfc8 23. Nd4 Qc4 24. Rfd1 g6 25. Ra1 Qb4 26. Ra2 Rab8 27. Qa6 Rc4
28. c3 Qb6 29. Qxb6 Rxb6 30. g4 Rc8 31. f5 Rcb8 32. fxe6 fxe6 33. Rf1 Rxb2 34.
Rxb2 Rxb2 35. Nxe6 Rb8 36. Ra1 Re8 37. Nc7 Rxe5 38. Rxa5 Nxc3 39. Rc5 Ne2+ 40.
Kf2 Nf4 41. Kf3 g5 42. h4 h6 43. Nb5 Ne6 44. Rc8+ Kg7 45. Nd6 gxh4 46. Nf5+ Kf6
47. Nxh4 d4 48. Rc6 Re3+ 49. Kf2 Ke5 50. Nf3+ Kd5 51. Ra6 Rc3 52. Nxd4 Nxd4 53.
Rxh6 Ke4 54. Rh8 Kf4 55. Rb8 Kxg4 56. Rg8+ Kf4 57. Rf8+ Nf5 58. Ke2 Rh3 59. Kf2
Ke4 60. Re8+ Kd5 61. Rd8+ Nd6 62. Rg8 Kd4 63. Ke2 Re3+ 64. Kf1 Re6 65. Ra8 Ke3
66. Ra3+ Kf4 67. Ra8 Nc4 68. Kf2 Ke4 69. Ke2 Rh6 70. Re8+ Ne5 71. Kd2 Rc6 72.
Kd1 Rc7 73. Kd2 Rc5 74. Kd1 Ke3 75. Rh8 Nf3 76. Re8+ Kd3 77. Rd8+ Nd4 78. Ke1
Rc2 79. Kf1 Ke3 80. Re8+ Kf4 81. Rg8 Nf5 82. Ke1 Ra2 83. Kd1 Ke4 84. Re8+ Kd3
85. Rd8+ Nd4 86. Ke1 Re2+ 87. Kf1 Re6 88. Kf2 Rf6+ 89. Kg3 Ke3 90. Re8+ Ne6 91.
Ra8 Rg6+ 92. Kh4 Nc5 93. Re8+ Ne4 94. Kh5 Rf6 95. Kg4 Rf4+ 96. Kh5 Kf3 97. Ra8
Rg4 98. Ra3+ Kf4 99. Ra4 Rg5+ 100. Kh6 Re5 101. Kg6 1/2-1/2